00525nam a22001577a 450000500170000001000150001702000300003203500440006203700130010608200100011910000260012924500880015526000570024327000470030030000200034720220519105428.0 aENG-132681 a978-81-952458-3-3c200.00 aEN-116213  bDBAD/PUB a371.3 aBhat, V. Nithyanantha aAspects of Education: An Indian perspective/c V. Nithyanantha Bhat and J.S. Rajput aKeralabSukrtindra Oriental Research Institutec2019 aKuthapady, Thammanam, Kochi-682032bKerala a82p.c21cm(pbk)